[Event "LSS ZL-2022-0-02348"]
[Site "LSS email"]
[Date "2022.01.21"]
[Round "?"]
[White "Grimm, Wolfgang"]
[Black "Babos, Istvan"]
[Result "0-1"]
[WhiteElo "1365"]
[BlackElo "1292"]
[PlyCount "100"]
[EventDate "2022.01.10"]
[EventType "match (corr)"]
[EventRounds "2"]
[EventCountry "GER"]
[SourceTitle "Corr 2024"]
[Source "ChessBase"]
[SourceDate "2023.10.19"]
[SourceVersion "1"]
[SourceVersionDate "2023.10.19"]
[SourceQuality "1"]

1. Nc3 e6 2. d4 d5 3. e4 Bb4 4. exd5 exd5 5. Be2 Nf6 6. Nf3 Bxc3+ 7. bxc3 0-0 8. 0-0 Nc6 9. Bd3 Re8 10. Re1 Rxe1+ 11. Qxe1 Qd6 12. Rb1 b6 13. Ne5 Bb7 14. Nxc6 Bxc6 15. f3 h6 16. Qh4 Ba4 17. Qf4 Qc6 18. Bd2 Re8 19. Qg3 a6 20. Re1 Bb5 21. Bf5 Rxe1+ 22. Qxe1 Ne8 23. Qe7 Nd6 24. Qd8+ Qe8 25. Qxe8+ Nxe8 26. Kf2 Nd6 27. Bd3 Kf8 28. g4 Ke7 29. h4 Bc4 30. Bf4 Nb5 31. Ke3 Kd7 32. Bxc4 dxc4 33. Kd2 Ke6 34. a4 Nd6 35. Be3 b5 36. axb5 Nxb5 37. f4 Kd5 38. f5 Nd6 39. Ke2 f6 40. Bc1 Ke4 41. Kf2 a5 42. Kg2 a4 43. h5 Nb5 44. Bd2 a3 45. Bc1 a2 46. Bb2 Ke3 47. Bc1+ Ke2 48. Bb2 Kd2 49. Ba1 Kxc2 50. g5 Kb1 0-1

[Event "RE-2021-0-00228"]
[Site "LSS email"]
[Date "2021.10.02"]
[Round "?"]
[White "Huber, Karl"]
[Black "Babos, Istvan"]
[Result "1-0"]
[WhiteElo "1339"]
[BlackElo "1292"]
[PlyCount "77"]
[EventDate "2020.11.05"]
[EventType "tourn (corr)"]
[EventRounds "6"]
[EventCountry "GER"]
[SourceTitle "Corr 2024"]
[Source "ChessBase"]
[SourceDate "2023.10.19"]
[SourceVersion "1"]
[SourceVersionDate "2023.10.19"]
[SourceQuality "1"]

1. e4 e5 2. Nf3 Nc6 3. Bb5 a6 4. Ba4 Nf6 5. 0-0 b5 6. Bb3 Bb7 7. d3 Bc5 8. Nc3 0-0 9. a4 b4 10. Nd5 h6 11. Be3 d6 12. Bxc5 dxc5 13. Ne3 Re8 14. a5 Nd4 15. Ba4 Nb5 16. Qe1 Bc6 17. Nd2 Nd4 18. Bxc6 Nxc6 19. Kh1 Rb8 20. f3 Nh5 21. Ndc4 Nf4 22. g3 Ne6 23. Qf2 Ned4 24. f4 f6 25. f5 Re7 26. g4 Rd7 27. h4 Qe8 28. Rg1 Nd8 29. Raf1 Nf7 30. g5 hxg5 31. hxg5 Nxg5 32. Rxg5 fxg5 33. Qh2 b3 34. c3 Nc6 35. Rf3 Nd8 36. Ng4 Nf7 37. f6 Rxd3 38. Rxd3 Rd8 39. Rf3 1-0

[Event "RE-2021-0-00228"]
[Site "LSS email"]
[Date "2021.09.06"]
[Round "?"]
[White "Oezdemir, Yasin Mert"]
[Black "Babos, Istvan"]
[Result "0-1"]
[WhiteElo "1338"]
[BlackElo "1292"]
[PlyCount "20"]
[EventDate "2020.11.05"]
[EventType "tourn (corr)"]
[EventRounds "6"]
[EventCountry "GER"]
[SourceTitle "Corr 2024"]
[Source "ChessBase"]
[SourceDate "2023.10.19"]
[SourceVersion "1"]
[SourceVersionDate "2023.10.19"]
[SourceQuality "1"]

1. e4 e5 2. Nf3 Nc6 3. d4 exd4 4. Nxd4 Bc5 5. Be3 Qf6 6. c3 Nge7 7. Bc4 0-0 8. 0-0 d6 9. Nxc6 Nxc6 10. Bxc5 dxc5 0-1

[Event "SE-2020-0-00318"]
[Site "LSS email"]
[Date "2020.09.11"]
[Round "?"]
[White "Lukin, Andrey"]
[Black "Babos, Istvan"]
[Result "1/2-1/2"]
[WhiteElo "1347"]
[BlackElo "1215"]
[PlyCount "120"]
[EventDate "2020.07.10"]
[EventType "tourn (corr)"]
[EventRounds "6"]
[EventCountry "GER"]
[SourceTitle "Corr 2024"]
[Source "ChessBase"]
[SourceDate "2023.10.19"]
[SourceVersion "1"]
[SourceVersionDate "2023.10.19"]
[SourceQuality "1"]

1. e4 e5 2. Nf3 Nc6 3. Bb5 a6 4. Ba4 Nf6 5. 0-0 b5 6. Bb3 Bb7 7. c3 Nxe4 8. Re1 Nc5 9. Bc2 Ne6 10. d4 exd4 11. cxd4 Nb4 12. Bb3 c6 13. Nc3 Be7 14. a3 Nd5 15. Nxd5 cxd5 16. Qd3 0-0 17. Bc2 g6 18. Bh6 Re8 19. Qd2 Rc8 20. Rac1 Bd6 21. Ne5 b4 22. axb4 Qh4 23. Nf3 Qe7 24. Qd1 Bxb4 25. Bd2 a5 26. Ra1 Bxd2 27. Qxd2 Qb4 28. Qxb4 axb4 29. Bb3 Ra8 30. g3 Bc6 31. Rad1 f6 32. Re3 Reb8 33. Ne1 Kf7 34. Nc2 Ke7 35. h4 Kd6 36. Kh2 Bb5 37. Kg2 f5 38. Re5 Ba4 39. Bxa4 Rxa4 40. Ne3 Rb5 41. Nc4+ Kc6 42. Ne3 b3 43. h5 f4 44. hxg6 hxg6 45. gxf4 Nxf4+ 46. Kf3 Ne6 47. Kg3 Nxd4 48. Rg5 Nf5+ 49. Nxf5 gxf5 50. Rxf5 Rc4 51. f4 Rc2 52. Rb1 Rb8 53. Kf3 d6 54. Rg5 Re8 55. Rd1 Rxb2 56. Rgxd5 Re6 57. Rh5 Rc2 58. Rh8 Ree2 59. Rc8+ Kb7 60. Rxc2 Rxc2 1/2-1/2

[Event "SE-2020-0-00318"]
[Site "LSS email"]
[Date "2020.09.03"]
[Round "?"]
[White "Couspeyre, Thierry"]
[Black "Babos, Istvan"]
[Result "0-1"]
[WhiteElo "1305"]
[BlackElo "1215"]
[PlyCount "60"]
[EventDate "2020.07.10"]
[EventType "tourn (corr)"]
[EventRounds "6"]
[EventCountry "GER"]
[SourceTitle "Corr 2024"]
[Source "ChessBase"]
[SourceDate "2023.10.19"]
[SourceVersion "1"]
[SourceVersionDate "2023.10.19"]
[SourceQuality "1"]

1. d4 d5 2. c4 e6 3. Nc3 Nf6 4. Bg5 Be7 5. e3 0-0 6. Nf3 h6 7. Bh4 b6 8. cxd5 Nxd5 9. Bxe7 Qxe7 10. Be2 Nxc3 11. bxc3 Bb7 12. 0-0 c5 13. Re1 Rc8 14. a4 Nc6 15. e4 cxd4 16. cxd4 Nb4 17. Bd3 Rc3 18. Bb1 Qc7 19. Ne5 Rc8 20. Nd3 Nc6 21. d5 Nd4 22. dxe6 Nxe6 23. Ra2 Rd8 24. Rd2 Qd7 25. Ree2 Ba6 26. Qe1 Bxd3 27. Re3 Nc5 28. Rd1 Qxa4 29. e5 a5 30. Qe2 Rc1 0-1

[Event "ZL-2020-0-02201"]
[Site "LSS email"]
[Date "2020.01.17"]
[Round "?"]
[White "Babos, Istvan"]
[Black "Caviglia, Maximiliano"]
[Result "1/2-1/2"]
[WhiteElo "1150"]
[BlackElo "1178"]
[PlyCount "52"]
[EventDate "2019.12.19"]
[EventType "match (corr)"]
[EventRounds "2"]
[EventCountry "GER"]
[SourceTitle "Corr 2022"]
[Source "ChessBase"]
[SourceDate "2021.10.24"]
[SourceVersion "1"]
[SourceVersionDate "2021.10.24"]
[SourceQuality "1"]

1. e4 e5 2. Nf3 Nc6 3. d4 exd4 4. Nxd4 Bc5 5. Be3 Nxd4 6. Bxd4 Bxd4 7. Qxd4 Qf6 8. e5 Qb6 9. Qxb6 axb6 10. Nc3 f6 11. Nd5 Kd8 12. exf6 Nxf6 13. Nxf6 gxf6 14. Kd2 d6 15. Bc4 Ra5 16. a4 Re5 17. b3 Rhe8 18. f4 Re3 19. Rae1 Rxe1 20. Rxe1 Rxe1 21. Kxe1 h6 22. Kf2 Bf5 23. Bd3 Bd7 24. Be4 c6 25. c4 Ke7 26. f5 d5 1/2-1/2

[Event "ZL-2019-0-02195"]
[Site "LSS email"]
[Date "2019.12.08"]
[Round "?"]
[White "Babos, Istvan"]
[Black "Shim Ng Min, Francis"]
[Result "1-0"]
[WhiteElo "1150"]
[BlackElo "1281"]
[PlyCount "65"]
[EventDate "2019.10.09"]
[EventType "match (corr)"]
[EventRounds "2"]
[EventCountry "GER"]
[SourceTitle "Corr 2022"]
[Source "ChessBase"]
[SourceDate "2021.10.24"]
[SourceVersion "1"]
[SourceVersionDate "2021.10.24"]
[SourceQuality "1"]

1. e4 c5 2. Nc3 Nc6 3. Nf3 e5 4. Bc4 Be7 5. 0-0 Nf6 6. d3 d6 7. Bg5 Bg4 8. h3 Bh5 9. Bxf6 Bxf6 10. Nd5 0-0 11. c3 a6 12. Qe2 Na5 13. a4 Nxc4 14. dxc4 Bxf3 15. Qxf3 Be7 16. a5 Rb8 17. Rfd1 Qd7 18. Qg4 Qd8 19. b4 cxb4 20. cxb4 Kh8 21. Ne3 f6 22. c5 Rf7 23. Qe6 Qe8 24. cxd6 Bf8 25. Qxe8 Rxe8 26. Rac1 Rd7 27. Rc7 Red8 28. Nc4 h6 29. Rd5 Kh7 30. g3 Kg6 31. f4 exf4 32. gxf4 Kf7 33. Nb6 1-0

[Event "RN-2019-0-01547"]
[Site "LSS email"]
[Date "2019.07.14"]
[Round "?"]
[White "Babos, Istvan"]
[Black "Kuttner, Jaromir"]
[Result "1-0"]
[WhiteElo "1088"]
[BlackElo "807"]
[PlyCount "53"]
[EventDate "2019.06.26"]
[EventType "tourn (corr)"]
[EventRounds "6"]
[EventCountry "GER"]
[SourceTitle "Corr 2022"]
[Source "ChessBase"]
[SourceDate "2021.10.24"]
[SourceVersion "1"]
[SourceVersionDate "2021.10.24"]
[SourceQuality "1"]

1. e4 c5 2. Nf3 Nc6 3. Nc3 g6 4. Bc4 Bg7 5. 0-0 d6 6. d3 Nf6 7. Bg5 0-0 8. h3 a6 9. a4 Re8 10. Qd2 Be6 11. Bxe6 fxe6 12. Ne2 e5 13. c3 e6 14. Ng3 d5 15. Rfe1 Qc7 16. Qc2 Rac8 17. Rad1 b5 18. exd5 exd5 19. axb5 axb5 20. Qb3 c4 21. Qxb5 Rb8 22. Qc5 Rxb2 23. Bxf6 Bxf6 24. dxc4 Qa7 25. Qxa7 Nxa7 26. cxd5 Nb5 27. Ne4 1-0

[Event "RN-2019-0-01547"]
[Site "LSS email"]
[Date "2019.07.14"]
[Round "?"]
[White "Venturas, Bob"]
[Black "Babos, Istvan"]
[Result "0-1"]
[WhiteElo "607"]
[BlackElo "1088"]
[PlyCount "126"]
[EventDate "2019.06.26"]
[EventType "tourn (corr)"]
[EventRounds "6"]
[EventCountry "GER"]
[SourceTitle "Corr 2022"]
[Source "ChessBase"]
[SourceDate "2021.10.24"]
[SourceVersion "1"]
[SourceVersionDate "2021.10.24"]
[SourceQuality "1"]

1. e4 e5 2. Nf3 Nc6 3. Bc4 Bc5 4. 0-0 Nf6 5. d3 d6 6. h3 0-0 7. a3 Qe7 8. Nc3 Nd4 9. Be3 Be6 10. Ba2 Bxa2 11. Nxa2 Nxf3+ 12. Qxf3 Bxe3 13. Qxe3 d5 14. f4 Rfe8 15. f5 a5 16. c3 Qd7 17. Rad1 dxe4 18. dxe4 Qb5 19. b4 Qc4 20. Nc1 Nxe4 21. Ne2 f6 22. Rd3 Red8 23. Rfd1 Rxd3 24. Rxd3 Nd6 25. Nc1 Nxf5 26. Qe2 axb4 27. Rd8+ Rxd8 28. Qxc4+ Kf8 29. Qxb4+ Ne7 30. Nb3 b6 31. Qc4 Rd7 32. Kf2 Ng6 33. g3 Ne7 34. Nc1 Nc8 35. Ke2 Ne7 36. Na2 Ke8 37. Nb4 Kf8 38. Qe6 Rd6 39. Qc4 c6 40. Qe4 g6 41. Qe3 c5 42. Nd3 Nd5 43. Qd2 Ne7 44. Qc2 Nf5 45. g4 Ne7 46. Qa4 Nd5 47. Qa8+ Ke7 48. Qg8 Nxc3+ 49. Ke3 h5 50. Qxg6 hxg4 51. Qxg4 Rd4 52. Qg7+ Ke6 53. Qg8+ Ke7 54. Qb3 Nd5+ 55. Ke2 c4 56. Qb2 Rxd3 57. h4 Nf4+ 58. Kf2 Rb3 59. Qa1 c3 60. a4 c2 61. Qh1 Nd3+ 62. Ke2 c1Q 63. Qb7+ Ke6 0-1

[Event "RN-2019-0-01538"]
[Site "LSS email"]
[Date "2019.06.10"]
[Round "?"]
[White "Venturas, Bob"]
[Black "Babos, Istvan"]
[Result "0-1"]
[WhiteElo "672"]
[BlackElo "1043"]
[PlyCount "52"]
[EventDate "2019.05.15"]
[EventType "tourn (corr)"]
[EventRounds "6"]
[EventCountry "GER"]
[SourceTitle "Corr 2022"]
[Source "ChessBase"]
[SourceDate "2021.10.24"]
[SourceVersion "1"]
[SourceVersionDate "2021.10.24"]
[SourceQuality "1"]

1. e4 e5 2. Nf3 Nc6 3. a3 Nf6 4. Nc3 Be7 5. Bc4 Nxe4 6. Nxe4 d5 7. Bxd5 Qxd5 8. d3 Bg4 9. 0-0 Nd4 10. c4 Qd7 11. Nxe5 Bxd1 12. Nxd7 Be2 13. Re1 Nc2 14. Rxe2 Nxa1 15. Ne5 Rd8 16. Rd2 Nb3 17. Rd1 f6 18. Nf3 Nxc1 19. Rxc1 Rxd3 20. h3 0-0 21. Re1 Rfd8 22. Nc3 Bxa3 23. Nb5 Bxb2 24. Nxc7 Rd1 25. Kh2 Rxe1 26. Nxe1 Be5+ 0-1

[Event "ZN-2019-0-03985"]
[Site "LSS email"]
[Date "2019.05.29"]
[Round "?"]
[White "Babos, Istvan"]
[Black "Cordes, Michael"]
[Result "1-0"]
[WhiteElo "1043"]
[BlackElo "539"]
[PlyCount "51"]
[EventDate "2019.05.10"]
[EventType "match (corr)"]
[EventRounds "2"]
[EventCountry "GER"]
[SourceTitle "Corr 2022"]
[Source "ChessBase"]
[SourceDate "2021.10.24"]
[SourceVersion "1"]
[SourceVersionDate "2021.10.24"]
[SourceQuality "1"]

1. e4 e5 2. Nf3 Nc6 3. Bc4 Nf6 4. d3 Bc5 5. 0-0 0-0 6. Nc3 a6 7. Nd5 d6 8. Bg5 h6 9. Nxf6+ gxf6 10. Bxh6 Re8 11. c3 Bg4 12. b4 Ba7 13. h3 Bh5 14. g4 Bg6 15. Nh4 Kh7 16. Be3 Ne7 17. Bxa7 Rxa7 18. f4 b5 19. Bb3 Rf8 20. f5 Kg7 21. fxg6 Nxg6 22. Nf5+ Kg8 23. Qc1 Nf4 24. Rxf4 exf4 25. Qxf4 c5 26. Qh6 1-0

[Event "ZN-2019-0-03985"]
[Site "LSS email"]
[Date "2019.05.29"]
[Round "?"]
[White "Cordes, Michael"]
[Black "Babos, Istvan"]
[Result "0-1"]
[WhiteElo "539"]
[BlackElo "1043"]
[PlyCount "38"]
[EventDate "2019.05.10"]
[EventType "match (corr)"]
[EventRounds "2"]
[EventCountry "GER"]
[SourceTitle "Corr 2022"]
[Source "ChessBase"]
[SourceDate "2021.10.24"]
[SourceVersion "1"]
[SourceVersionDate "2021.10.24"]
[SourceQuality "1"]

1. b3 e5 2. e3 Nc6 3. Bb2 Nf6 4. Bc4 d5 5. Bb5 Bd6 6. h3 0-0 7. d4 exd4 8. exd4 Re8+ 9. Ne2 Ne4 10. c4 Bb4+ 11. Nbc3 Bxc3+ 12. Kf1 Bxb2 13. Rb1 Qf6 14. f3 Nxd4 15. Bxe8 Nxe2 16. Kxe2 Ng3+ 17. Kf2 Nxh1+ 18. Qxh1 Bf5 19. Re1 Bd4+ 0-1

[Event "RN-2019-0-01533"]
[Site "LSS email"]
[Date "2019.05.12"]
[Round "?"]
[White "Babos, Istvan"]
[Black "Hickl, Norbert"]
[Result "1-0"]
[WhiteElo "1028"]
[BlackElo "1017"]
[PlyCount "57"]
[EventDate "2019.04.26"]
[EventType "tourn (corr)"]
[EventRounds "6"]
[EventCountry "GER"]
[SourceTitle "Corr 2022"]
[Source "ChessBase"]
[SourceDate "2021.10.24"]
[SourceVersion "1"]
[SourceVersionDate "2021.10.24"]
[SourceQuality "1"]

1. e4 e6 2. d4 d5 3. exd5 exd5 4. Nc3 Bb4 5. Bd3 Nc6 6. a3 Ba5 7. Nge2 Bg4 8. Be3 Nf6 9. f3 Bh5 10. Qd2 h6 11. 0-0-0 Qd7 12. g4 Bg6 13. Bxg6 fxg6 14. h4 0-0-0 15. Nf4 g5 16. hxg5 hxg5 17. Nfe2 Rxh1 18. Rxh1 Qf7 19. Bxg5 Bxc3 20. Nxc3 Rf8 21. Kb1 a6 22. Qd3 Kb8 23. Ne2 Ne8 24. Nf4 Nd6 25. Rh7 Nb5 26. c3 Nd6 27. Bh6 Qf6 28. Nxd5 Qe6 29. Bxg7 1-0

[Event "RN-2019-0-01533"]
[Site "LSS email"]
[Date "2019.05.11"]
[Round "?"]
[White "Kuttner, Jaromir"]
[Black "Babos, Istvan"]
[Result "0-1"]
[WhiteElo "783"]
[BlackElo "1028"]
[PlyCount "56"]
[EventDate "2019.04.26"]
[EventType "tourn (corr)"]
[EventRounds "6"]
[EventCountry "GER"]
[SourceTitle "Corr 2022"]
[Source "ChessBase"]
[SourceDate "2021.10.24"]
[SourceVersion "1"]
[SourceVersionDate "2021.10.24"]
[SourceQuality "1"]

1. e4 e5 2. Nf3 Nc6 3. d4 exd4 4. Bc4 Nf6 5. e5 d5 6. Bb5 Ne4 7. Nxd4 Bd7 8. Bxc6 bxc6 9. 0-0 Bc5 10. f3 Ng5 11. f4 Ne4 12. Nc3 Nxc3 13. bxc3 0-0 14. f5 Qe7 15. Qe1 Rfe8 16. e6 fxe6 17. fxe6 Qxe6 18. Bf4 Qxe1 19. Raxe1 Bb6 20. h3 c5 21. Nb3 Rxe1 22. Rxe1 c4+ 23. Nd4 Rf8 24. Bg3 Re8 25. Re5 Rxe5 26. Bxe5 c5 27. Ne2 g5 28. Kf2 Bf5 0-1

[Event "RN-2019-0-01533"]
[Site "LSS email"]
[Date "2019.05.10"]
[Round "?"]
[White "Babos, Istvan"]
[Black "Venturas, Bob"]
[Result "1-0"]
[WhiteElo "1028"]
[BlackElo "645"]
[PlyCount "49"]
[EventDate "2019.04.26"]
[EventType "tourn (corr)"]
[EventRounds "6"]
[EventCountry "GER"]
[SourceTitle "Corr 2022"]
[Source "ChessBase"]
[SourceDate "2021.10.24"]
[SourceVersion "1"]
[SourceVersionDate "2021.10.24"]
[SourceQuality "1"]

1. e4 e5 2. Nf3 Nc6 3. Bb5 d6 4. 0-0 Bd7 5. d4 a6 6. Bxc6 Bxc6 7. dxe5 Bxe4 8. Nc3 d5 9. Nxe4 dxe4 10. Ng5 Be7 11. Nxe4 Qxd1 12. Rxd1 h6 13. b3 Bd8 14. Bb2 Ne7 15. e6 f6 16. Rd7 0-0 17. Ng3 c6 18. Rxb7 Re8 19. Rd1 Nd5 20. Nf5 Nf4 21. Rxg7+ Kh8 22. Rdd7 Nxe6 23. Rh7+ Kg8 24. Nxh6+ Kf8 25. Rdf7# 1-0

[Event "RN-2019-0-01526"]
[Site "LSS email"]
[Date "2019.04.13"]
[Round "?"]
[White "Babos, Istvan"]
[Black "Bortnicker, Justin"]
[Result "1-0"]
[WhiteElo "994"]
[BlackElo "829"]
[PlyCount "55"]
[EventDate "2019.03.30"]
[EventType "tourn (corr)"]
[EventRounds "6"]
[EventCountry "GER"]
[SourceTitle "Corr 2022"]
[Source "ChessBase"]
[SourceDate "2021.10.24"]
[SourceVersion "1"]
[SourceVersionDate "2021.10.24"]
[SourceQuality "1"]

1. d4 Nf6 2. Nc3 e6 3. e4 Bb4 4. e5 Nd5 5. Qg4 g6 6. Bg5 Be7 7. Nf3 h6 8. Bd2 c5 9. dxc5 Nxc3 10. Bxc3 Bxc5 11. Nd2 d5 12. Nb3 Bb6 13. h4 h5 14. Qf4 Nd7 15. Rh3 Nc5 16. Bb4 Nxb3 17. Rg3 Nxa1 18. Bd3 Rg8 19. Rf3 Qd7 20. Bb5 Nxc2+ 21. Kd2 Nxb4 22. Qxf7+ Kd8 23. Qxg8+ Kc7 24. Bxd7 Kxd7 25. Qf7+ Kc6 26. Qe8+ Kc7 27. Rf7+ Kb8 28. Rf8 1-0

[Event "RN-2019-0-01526"]
[Site "LSS email"]
[Date "2019.04.13"]
[Round "?"]
[White "Babos, Istvan"]
[Black "Venturas, Bob"]
[Result "1-0"]
[WhiteElo "994"]
[BlackElo "669"]
[PlyCount "37"]
[EventDate "2019.03.30"]
[EventType "tourn (corr)"]
[EventRounds "6"]
[EventCountry "GER"]
[SourceTitle "Corr 2022"]
[Source "ChessBase"]
[SourceDate "2021.10.24"]
[SourceVersion "1"]
[SourceVersionDate "2021.10.24"]
[SourceQuality "1"]

1. d4 d5 2. c4 Nc6 3. Nc3 Nf6 4. cxd5 Nxd5 5. Nf3 h6 6. e4 Nb6 7. d5 Nb8 8. Bf4 a6 9. Be2 e6 10. Qd4 Qf6 11. Bxc7 Qxd4 12. Nxd4 N8d7 13. dxe6 fxe6 14. Nxe6 g6 15. Nxf8 Rxf8 16. e5 Ke7 17. Rd1 h5 18. 0-0 Re8 19. f4 1-0

[Event "RN-2019-0-01526"]
[Site "LSS email"]
[Date "2019.04.13"]
[Round "?"]
[White "Babos, Istvan"]
[Black "Vontina, Maria"]
[Result "1-0"]
[WhiteElo "994"]
[BlackElo "767"]
[PlyCount "67"]
[EventDate "2019.03.30"]
[EventType "tourn (corr)"]
[EventRounds "6"]
[EventCountry "GER"]
[SourceTitle "Corr 2022"]
[Source "ChessBase"]
[SourceDate "2021.10.24"]
[SourceVersion "1"]
[SourceVersionDate "2021.10.24"]
[SourceQuality "1"]

1. d4 Nf6 2. Nc3 d5 3. Bf4 e6 4. e3 Be7 5. Nf3 0-0 6. h3 a6 7. Bd3 Nbd7 8. a4 c5 9. 0-0 cxd4 10. exd4 Nb6 11. Qe2 Bd7 12. a5 Nc8 13. Bd2 Nd6 14. Ne5 Rc8 15. Rfe1 Qc7 16. Nxd7 Qxd7 17. Na4 Bd8 18. Nc5 Qc7 19. Bf4 Nfe8 20. c3 Qc6 21. Bc2 Nf6 22. Bxd6 Qxd6 23. Nxb7 Qb8 24. Qxa6 Be7 25. Qb6 Bd8 26. Nxd8 Rfxd8 27. Qxb8 Rxb8 28. b4 Rdc8 29. Reb1 Rxc3 30. Bd1 Rc7 31. b5 Ne4 32. b6 Rcb7 33. a6 Rxb6 34. a7 1-0

[Event "ZN-2018-0-03842"]
[Site "LSS email"]
[Date "2018.08.05"]
[Round "?"]
[White "Ermulin, Igor"]
[Black "Babos, Istvan"]
[Result "1-0"]
[WhiteElo "1112"]
[BlackElo "1091"]
[PlyCount "79"]
[EventDate "2018.07.31"]
[EventType "match (corr)"]
[EventRounds "2"]
[EventCountry "GER"]
[SourceTitle "Corr 2022"]
[Source "ChessBase"]
[SourceDate "2021.10.24"]
[SourceVersion "1"]
[SourceVersionDate "2021.10.24"]
[SourceQuality "1"]

1. Nf3 d5 2. e3 e6 3. c4 dxc4 4. Bxc4 Nf6 5. Nc3 Be7 6. 0-0 0-0 7. d4 Nc6 8. a3 Bd7 9. b4 a6 10. Bb2 b5 11. Bb3 h6 12. d5 exd5 13. Nxd5 Nxd5 14. Bxd5 Bf6 15. Bxf6 Qxf6 16. Rc1 Rad8 17. Qb3 Ne7 18. Bb7 Qb6 19. Be4 Be6 20. Qc2 f5 21. Bd3 Bd5 22. Qxc7 Qf6 23. Qe5 Bxf3 24. Qxf6 Rxf6 25. Bxb5 Bxg2 26. Kxg2 axb5 27. Rc5 Rb6 28. Rfc1 g5 29. Kg3 Rf8 30. f4 g4 31. Re5 Nc6 32. Re6 Rc8 33. Rxh6 Kg7 34. Rd6 Rc7 35. h3 gxh3 36. Kxh3 Kf7 37. Kh4 Ke7 38. Rg6 Kf7 39. Rh6 Kg7 40. Kg5 1-0

[Event "ZN-2018-0-03831"]
[Site "LSS email"]
[Date "2018.07.24"]
[Round "?"]
[White "Babos, Istvan"]
[Black "Kuttner, Jaromir"]
[Result "0-1"]
[WhiteElo "1091"]
[BlackElo "958"]
[PlyCount "30"]
[EventDate "2018.07.18"]
[EventType "match (corr)"]
[EventRounds "2"]
[EventCountry "GER"]
[SourceTitle "Corr 2022"]
[Source "ChessBase"]
[SourceDate "2021.10.24"]
[SourceVersion "1"]
[SourceVersionDate "2021.10.24"]
[SourceQuality "1"]

1. c4 e5 2. Nc3 Nf6 3. Nf3 Nc6 4. e4 Bc5 5. d3 Ng4 6. d4 Nxd4 7. h3 Nxf3+ 8. gxf3 Nxf2 9. Qd5 d6 10. Rh2 Qh4 11. Ke2 c6 12. Qd2 Nxh3 13. Bxh3 Bxh3 14. Rh1 Qf2+ 15. Kd1 Qxf3+ 0-1

[Event "RN-2017-0-01326"]
[Site "LSS email"]
[Date "2017.08.15"]
[Round "?"]
[White "Babos, Istvan"]
[Black "Czaban, Tomasz"]
[Result "1-0"]
[WhiteElo "1017"]
[BlackElo "656"]
[PlyCount "41"]
[EventDate "2017.08.07"]
[EventType "tourn (corr)"]
[EventRounds "6"]
[EventCountry "GER"]
[SourceTitle "Corr 2022"]
[Source "ChessBase"]
[SourceDate "2021.10.24"]
[SourceVersion "1"]
[SourceVersionDate "2021.10.24"]
[SourceQuality "1"]

1. e4 e6 2. Nc3 d5 3. d4 dxe4 4. Nxe4 Nf6 5. Nxf6+ Qxf6 6. Nf3 Nc6 7. Bg5 Qf5 8. c3 Bd6 9. Bd3 Qa5 10. b4 Qb6 11. 0-0 0-0 12. a4 a6 13. Qb1 Bd7 14. Be3 Qa7 15. d5 exd5 16. Bxa7 Rxa7 17. Bxh7+ Kh8 18. Bf5 Bxf5 19. Qxf5 Ne7 20. Ng5 g6 21. Qh3+ 1-0

[Event "RN-2017-0-01326"]
[Site "LSS email"]
[Date "2017.08.15"]
[Round "?"]
[White "Bester, Kazimierz"]
[Black "Babos, Istvan"]
[Result "0-1"]
[WhiteElo "671"]
[BlackElo "1017"]
[PlyCount "48"]
[EventDate "2017.08.07"]
[EventType "tourn (corr)"]
[EventRounds "6"]
[EventCountry "GER"]
[SourceTitle "Corr 2022"]
[Source "ChessBase"]
[SourceDate "2021.10.24"]
[SourceVersion "1"]
[SourceVersionDate "2021.10.24"]
[SourceQuality "1"]

1. d4 Nf6 2. Nf3 d5 3. e3 Bg4 4. Be2 c5 5. c3 e6 6. 0-0 Nc6 7. h3 Bh5 8. Ne5 Bxe2 9. Qxe2 Bd6 10. f4 0-0 11. Nd2 cxd4 12. exd4 Ne7 13. a3 Nf5 14. Ndf3 Ng3 15. Qf2 Nfe4 16. Qe3 Nxf1 17. Kxf1 f6 18. Ng4 Qc7 19. Qd3 Rae8 20. Be3 Bxf4 21. Bg1 Ng3+ 22. Kf2 e5 23. dxe5 Qb6+ 24. Qd4 Qxb2+ 0-1

[Event "RN-2017-0-01326"]
[Site "LSS email"]
[Date "2017.08.15"]
[Round "?"]
[White "Evtyugin, Yury Alekseevich"]
[Black "Babos, Istvan"]
[Result "0-1"]
[WhiteElo "960"]
[BlackElo "1017"]
[PlyCount "38"]
[EventDate "2017.08.07"]
[EventType "tourn (corr)"]
[EventRounds "6"]
[EventCountry "GER"]
[SourceTitle "Corr 2022"]
[Source "ChessBase"]
[SourceDate "2021.10.24"]
[SourceVersion "1"]
[SourceVersionDate "2021.10.24"]
[SourceQuality "1"]

1. Nf3 Nf6 2. g3 c5 3. d4 cxd4 4. Nxd4 e5 5. Nb3 d5 6. Bg5 Be6 7. Bg2 Nbd7 8. 0-0 h6 9. Bd2 Nb6 10. Ba5 Qd7 11. Bxb6 axb6 12. Nc3 Bb4 13. Nb1 0-0 14. c3 Bd6 15. N1d2 Bg4 16. h3 Bxh3 17. f3 Nh5 18. Kh2 Bxg2 19. Kxg2 e4 0-1

[Event "RN-2017-0-01326"]
[Site "LSS email"]
[Date "2017.08.15"]
[Round "?"]
[White "Vontina, Maria"]
[Black "Babos, Istvan"]
[Result "0-1"]
[WhiteElo "763"]
[BlackElo "1017"]
[PlyCount "54"]
[EventDate "2017.08.07"]
[EventType "tourn (corr)"]
[EventRounds "6"]
[EventCountry "GER"]
[SourceTitle "Corr 2022"]
[Source "ChessBase"]
[SourceDate "2021.10.24"]
[SourceVersion "1"]
[SourceVersionDate "2021.10.24"]
[SourceQuality "1"]

1. e4 e5 2. Nf3 Nc6 3. Bb5 a6 4. Ba4 Nf6 5. 0-0 b5 6. Bb3 Nxe4 7. d4 d5 8. Nxe5 Nxe5 9. dxe5 c6 10. c3 Bf5 11. Be3 Bc5 12. Bxc5 Nxc5 13. Bc2 Bxc2 14. Qxc2 0-0 15. Nd2 Re8 16. f4 d4 17. cxd4 Qxd4+ 18. Kh1 Nd3 19. Nb3 Qd5 20. Rad1 Rad8 21. Rd2 c5 22. Nc1 c4 23. Rf3 Ne1 24. Rxd5 Nxc2 25. Rxd8 Rxd8 26. Rf1 Rd2 27. Re1 Nxe1 0-1

[Event "RN-2017-0-01307"]
[Site "LSS email"]
[Date "2017.07.03"]
[Round "?"]
[White "Babos, Istvan"]
[Black "Kuttner, Jaromir"]
[Result "1-0"]
[WhiteElo "1015"]
[BlackElo "752"]
[PlyCount "25"]
[EventDate "2017.06.21"]
[EventType "tourn (corr)"]
[EventRounds "6"]
[EventCountry "GER"]
[SourceTitle "Corr 2022"]
[Source "ChessBase"]
[SourceDate "2021.10.24"]
[SourceVersion "1"]
[SourceVersionDate "2021.10.24"]
[SourceQuality "1"]

1. d4 Nf6 2. Nc3 e6 3. Bg5 d5 4. Nf3 c5 5. e3 Nc6 6. Bb5 a6 7. Bxc6+ bxc6 8. 0-0 c4 9. Ne5 Bd7 10. Bxf6 Qxf6 11. Na4 Rb8 12. Nxd7 Kxd7 13. Nc5+ 1-0